History Quiz

Random History or Art Quiz
Score 0/25 Timer 09:00
0 Plays Today
% Correct
Vincent Van Gogh
90%
Sunflowers
82.1%
Claude Monet
78.2%
St. George
75.7%
Leonardo da Vinci
74%
J.M.W Turner
73.2%
United States
68.8%
Charcoal and Chalk
68.5%
Trafalgar Square
65.5%
Duke of Wellington
64.9%
Italian Renaissance
60.4%
Jan van Eyck
59.6%
Spain
58.1%
% Correct
Johannes Vermeer
57.8%
Lazarus
56.7%
63
53.1%
Sandro Botticelli
49.3%
Thomas Gainsborough
47.2%
Doge of Venice
42.7%
Titian
41.2%
The Ambassadors
40%
Suffolk
33.8%
Lizard
26.4%
Gothic
26%
Pope Julius II
23.6%
Come Together.
Have Fun.
All Virtual.
We all need to come together. Play Sporcle's virtual live trivia to have fun, connect with people, and get your trivia on. Join a live hosted trivia game for your favorite pub trivia experience done virtually. If a virtual private party is more your thing, go here for details.

You're not logged in!

Compare scores with friends on all Sporcle quizzes.
OR
Log In

Sporcle TV

Today on Sporcle TV


Watch our educational content, quiz creation guides, and fun videos on Sporcle TV.

Show Comments

Extras

Top Quizzes Today


Score Distribution

Paid Content

Your Account Isn't Verified!

In order to create a playlist on Sporcle, you need to verify the email address you used during registration. Go to your Sporcle Settings to finish the process.

Report this User

Report this user for behavior that violates our Community Guidelines.

Details: